000 01055nam a22002537a 4500
001 BD-DhSAU 7469
003 BD-DhSAU
005 20231003155529.0
008 150422b2006 bg ||||| m||m 00| 0 eng d
040 _aBD-DhSAU
082 _222
_a631.4
_bM67
100 _aMIR, MD. RAJU
_eRegistration No. # 19-10358
245 _aGrowth and yield of mustard ( brassica campestris) as influenced by different levels of potassium and zinc /
_bMS thesis
260 _aSher-e- Bangla Agricultural University:
_bDepartment of Soil Science,
_c2021.
300 _aviii, 47p.:
_b30 cm.
500 _aMS thesis of Department of Soil Science, Faculty of Agriculture , Sher-e-Bangla Agricultural University, Dhaka, Bangladesh
590 _aNamul
650 _amustard ( brassica campestris)
651 _a potassium and zinc
700 _aProf. Mst. Afrose Jahan
_eSuperviser
700 _aProf. Dr. Md. Asaduzzaman Khan
_eCo-Superviser
856 _uhttp://archive.saulibrary.edu.bd:8080/xmlui/handle/123456789/4960
942 _2ddc
_cTHESIS
999 _c17076
_d17075